000 00303nam a2200109 a 4500
005 20240503073631.0
008 140402s1971 000 spa d
100 1 _aCervantes Saavedra, Miguel de,
_d1547-1616
_93070
245 0 _aEntremeses.
260 _aMadrid -- Libra,
_c1971 -- 196 p.
999 _c43156
_d43156
040 _aDO-SdBNP